Quizzes
Events
Quiz Creation
Community
Videos
Private Events
Remove Ads
Sign In
Join for FREE
Feedback
Dark Mode
Quiz Categories
Sports
Geography
Music
Movies
Television
Just For Fun
Miscellaneous
History
Literature
Language
Science
Gaming
Entertainment
Religion
Holiday
For Kids
Quiz Lab
Recent
Popular Today
Quiz Kudos Today
Editor Picks
Curator Picks
Quizzes by...
Day
Popularity
Type
Ratings
Length
Year
Community
Subscriptions
Recent Discussions
Orange Saloon
Badges
Playlists
Quests
Create
Leaderboards
Showdown
Live 5
Trivia Bingo
Activity
Puzzle Library
Sporcle Events
Private Events
Virtual Trivia
Globe League
Become a Host
Pub Owners
SporcleCon
Opinionation
Our Games
Videos
Blog
Mobile Apps
Partnerships
Remove Ads and Go Orange
Feedback
Sports
Athletes
MLB
NBA
NHL
NFL
Soccer
Sports Teams
WWE
NCAA
Football
Premier League
Basketball
Baseball
Hockey
Golf
Tennis
Cricket
Rugby
Auto Racing
Olympics
World Cup
Sports
Athletes
MLB
NBA
NHL
NFL
Soccer
Sports Teams
WWE
NCAA
Football
Premier League
Basketball
Baseball
Hockey
Golf
Tennis
Cricket
Rugby
Auto Racing
Olympics
World Cup
Random Quiz
Search Sporcle
×
Quiz Lab
Quiz Lab
Sports
Basketball
Type in answers that appear in a list
Type in answers that appear in a list
Classic
Best Score? Go Orange.
NBA Alma Maters 2 Stats
Can you name the Alma Maters of these current and former NBA players?
By
SportsGuy21
7m
50 Questions
895 Plays
895 Plays
895 Plays
Comments
Comments
Give Quiz Kudos
Give Quiz Kudos
-
- Ratings
hide this ad
Forced Order
Answers have to be entered in order
Answers have to be entered in order
Replay
Link that replays current quiz
Next Quiz
Link to next quiz in quiz playlist
You Got
0%
They Got
Avg Score
61%
Avg Friend Score
Upgrade to see
Score Distribution
Jump to the score distribution portion of the page
Score
0/50
Timer
07:00
0
Plays Today
Name
School
% Correct
O.J. Mayo
Southern Cal
94.9%
Blake Griffin
Oklahoma
93.7%
Vince Carter
North Carolina
93.3%
Kevin Love
UCLA
92.3%
Deron Williams
Illinois
91.2%
Stephen Curry
Davidson
90.4%
Chris Bosh
Georgia Tech
89.7%
Carmelo Anthony
Syracuse
89.2%
Kirk Hinrich
Kansas
88%
Emeka Okafor
Connecticut
86.9%
D.J. Augustin
Texas
86.7%
LaMarcus Aldridge
Texas
86.1%
DeJuan Blair
Pittsburgh
85.5%
Chris Douglas-
Roberts
Memphis
84.8%
Carlos Boozer
Duke
83.9%
Juan Dixon
Maryland
83.4%
Luke Walton
Arizona
83.2%
Antwan Jamison
North Carolina
82.8%
John Stockton
Gonzaga
80.6%
Richard Jefferson
Arizona
74.1%
Juwan Howard
Michigan
74%
Jerry Stackhouse
UNC
73.9%
Alonzo Mourning
Georgetown
73.6%
Pete Maravich
LSU
73.4%
Jared Dudley
Boston College
71.7%
Name
School
% Correct
Reggie Miller
UCLA
69.2%
Bill Russell
San Francisco
69.1%
Andre Miller
Utah
65.9%
Dikembe Mutombo
Georgetown
65.5%
Ryan Gomes
Providence
60.8%
Al Thornton
Florida State
58.9%
Jason Williams
Florida
57%
Mo Williams
Alabama
53.9%
Jamaal Tinsley
Iowa State
45.7%
Ben Wallace
Virginia Union
42.9%
Allan Houston
Tennessee
39.4%
Paul Millsap
Louisiana Tech
39.2%
Derek Fisher
Arkansas-Little Rock
38.5%
Steve Kerr
Arizona
38.2%
Robert Horry
Alabama
31.8%
Earl Boykins
Eastern Michigan
31.2%
Nick Van Exel
Cincinnati
30.1%
Elvin Hayes
Houston
29.1%
Kevin Martin
Western Carolina
26.3%
Bob McAdoo
North Carolina
23.8%
Elgin Baylor
Seattle
22.9%
Dell Curry
Virginia Tech
22.7%
Detlef Schrempf
Washington
16.9%
Alex English
South Carolina
7.3%
Kevin Grevey
Kentucky
5%
Quiz Playlist
Details
Report
Send in Message
Add To Playlist
Classic:
Type in answers that appear in a list
Forced Order:
Answers have to be entered in order
Last Updated: Dec 18, 2018
Quiz Scoreboard
CHALLENGE
Sign Up to Join the Scoreboard
Show All
Scores
Hide
Comments
May contain spoilers
Recently Published
Pick 6: Fruits
by JohnFran
Miscellaneous
15s
Click the 1999 NBA Draft
by nibperrychub
Sports
2m
Alphabetical 'K' Countries by Flag Minefield
by ylime102
Geography
3m
More to Explore
Quiz From the Vault
Featured Blog Post
15 Basketball Trivia Facts You Can Be March Mad About
hide this ad
You Might Also Like...
Tags
Basketball Quiz
NBA Quiz
Alma Maters
Former
Mater
Notable
Player
school
team
Today's Top Quizzes in Sports
Browse Sports
hide this ad
Today's Top Quizzes in Basketball
Browse Basketball
Top Contributed Quizzes in Sports
1
Don't Strike Out: 3000 Strikeouts
2
MLB 2 truths and a lie: Hall of Fame pitchers
3
Pick 6: NFL Teams
4
Criteria MLB: Left Handed Sluggers
5
MLB Players with Two .350 Batting Average Seasons
6
2022 World Cup Stars
7
Les joueurs à 100 buts en Ligue 1 Uber Eats
8
Millionaire: NBA Finals Edition
9
Pick 6: Minor League Baseball
10
Last 10 Members of the 500 HR Club in Order
Explore More
Trending Topics
Anime
Harry Potter
NBA
Disney
Crossword
Kpop
Marvel
The Office
WWE
Song
Pokémon
NFL
Puzzle
Soccer
Country
hide this ad
More By:
SportsGuy21
Quiz
Plays
Rating
Category
Featured
Created
Playoff NBA Alma Maters
19,324
1.82
Sports
Apr 14, 2010
NBA's best foreign players of all time
1,105
2.00
Sports
Sep 29, 2010
NFL players by college: Notre Dame
915
3.00
Sports
Dec 16, 2009
NBA Alma Maters 2
895
2.25
Sports
Dec 11, 2009
Who Drafted these NBA players?
787
4.00
Sports
Jan 28, 2012
Go to Creator's Profile
Score Distribution
Quiz Creator Spotlight
SportsGuy21
Follow
Send a Message
Quizzes Created
-
Created Quiz Play Count
-
More By This Creator
Popular Quizzes Today
1
Find the US States - No Outlines Minefield
2
Countries of Asia Without Outlines Minefield
3
Pick 6: Fruits
4
The Countries of the World
5
Alphabetical 'K' Countries by Flag Minefield
6
Find the US States
7
Match the Book to the Film X
8
Click the 1999 NBA Draft
More Sports Quizzes
Unbeaten clubs in Europe's top leagues this season
Quiz Lab
Trending Quizzes
Pick 6: Harry Potter
Pick 6: Mountains
Pick 6: NFL Teams
Pick 6: Movie Franchises
Pick 6: Golfers
Recently Updated
Women's Final Four Teams by Year
bhenderson79
Presidents Quartet II
eogle
Anything But Clue(do)
eogle
Anything But Oceanian Capitals
eogle
Anything But 7
eogle
Anything But Thing
eogle
Word Ladder: February 29
pecheneg
Song Title Questions
pecheneg
Women's NCAA Tournament #1 Seeds
pecheneg
Celebrity Mug Shots
pecheneg
Trending Topics
Harry Potter
Crossword
Disney
Kpop
Anime
Marvel
NBA
NFL
Song
Soccer
Pokémon
WWE
The Office
Puzzle
Country
Your Account Isn't Verified!
In order to create a playlist on Sporcle, you need to verify the email address you used during registration. Go to your
Sporcle Settings
to finish the process.
Report this User
Report this user for behavior that violates our
Community Guidelines
.
Details:
Send Report
Go to the Sporcle.com Mobile Site →
Comments